Las significaciones de la reforma educativa en docentes de Xalapa, México y Córdoba, Argentina. Políticas globales e interpretaciones locales.

Gardado en:
Detalles Bibliográficos
Autor Principal: Castro, Mariana Elizabeth (autor)
Formato: Libro
Idioma:Lingua castelá
Temas:
Etiquetas: Engadir etiqueta
Sen Etiquetas, Sexa o primeiro en etiquetar este rexistro!

MARC

LEADER 00000nam^a2200000^u^4500
001 000510450
005 20250521000000.0
008 100112s1000^^^^^^^^^^^^r^^^^^000^0^spa^d
009 20260310130126.531
035 |a FCE 000054659 
037 |a Acervo ITESO - Biblioteca 
041 |a spa 
082 0 4 |a 371.2  |b CASs 
100 |a Castro, Mariana Elizabeth  |e (autor) 
245 1 4 |a Las significaciones de la reforma educativa en docentes de Xalapa, México y Córdoba, Argentina. Políticas globales e interpretaciones locales. 
264 |a México :  |b M. E. Castro,  |c 2003. 
300 |a 166 p. 
336 |a texto  |b txt  |2 rdacontenido 
337 |a sin mediación  |b n  |2 rdamedio 
338 |a volumen  |b nc  |2 rdasoporte 
649 |a XX 
650 |a Docentes 
650 |a Sistema educativo 
650 |a Descentralización educativa 
650 |a Reforma de la educación 
650 |a Tesis de maestría 
650 |a Política educativa 
650 |a México 
650 |a Argentina 
910 |a Fondo Centro de Estudios Educativos 
920 |a Impresos - Libros 
930 |a Fondos Especiales 
905 |a 133 
901 |a ALE067945  |b IT2  |c CEE  |u 20250521 
902 |a https://opac.biblio.iteso.mx/vufind/Record/000510450